Normal view MARC view

Entry Topical Term

Number of records used in: 1

001 - CONTROL NUMBER

  • control field: 6686

003 - CONTROL NUMBER IDENTIFIER

  • control field: OSt

005 - DATE AND TIME OF LATEST TRANSACTION

  • control field: 20120916114640.0

008 - FIXED-LENGTH DATA ELEMENTS

  • fixed length control field: 120916|||a|||||| | ||| d

040 ## - CATALOGING SOURCE

  • Original cataloging agency: OSt
  • Transcribing agency: OSt

150 ## - HEADING--TOPICAL TERM

  • Topical term or geographic name as entry element: Commercial law -- England -- Periodicals

670 ## - SOURCE DATA FOUND

  • Source citation: Work cat.: (OSt): Embley, Judith 6685, Commercial law and practice / , 2011